00963nam a2200265Ia 450000500170000000800410001702000150005808200210007310000340009424500590012825000180018730000250020549000280023065000690025865000500032765000410037765000400041865000370045865000440049526400350053933600270057433700330060133800280063404000350066220220317000759.0160601s2005 ck g 000 0 spa  a958704324304a305.90694bM64de1 aMolano Bravo, Alfredo,d1944-10aDesterradosbcrónicas del desarraigocAlfredo Molano a1a. edición a187 páginasc18 cm aPunto de lecturav650/1142LEMBaDesplazados por la violenciaxRelatos personaleszColombia142LEMBaMigración internaxRelatos personales142LEMBaRefugiadosxRelatos personales142LEMBaExiliadosxRelatos personales142LEMBaConflicto armadozColombia142LEMBaActividades subversivaszColombia aBogotábSuma de Letrasc2005 atextobtxt2rdacontent asin mediaciónbn2rdamedia avolumenbnc2rdacarrier aCO-BoRNBPbspaerdacCO-BoRNBP